000 00372nam a2200133Ia 4500
005 20260326235457.0
008 260326s9999||||xx |||||||||||||| ||und||
100 _aSociedad Colombiana de Arquitectos
245 0 _aSoluciones al Transporte en Bogotá /
_cSociedad Colombiana de Arquitectos
260 _bFunade
300 _a125 p.
650 _aDISEÑO URBANO
942 _cBK
999 _c7954
_d7954